Score 0/22 Timer 02:00
0 Plays Today
Hint 4-Letter Word % Correct
5,280 feetMILE
93.1%
___ E. CoyoteWILE
93%
Mr. Toad's ___ Ride🌠 WILD 🌠
92.3%
The Many Adventures of Winnie the ___🌠 POOH 🌠
87.4%
Seven Dwarfs ___ Train🌠 MINE 🌠
86.5%
Legend of the Lion ___ (former attraction)🌠 KING 🌠
85.6%
Place to shopMALL
85.2%
It's used for smelling NOSE
84.4%
Pride of a lion?MANE
82.4%
Buck, bull, gander, e.g.MALE
81.8%
16 fluid ouncesPINT
81.7%
Hint 4-Letter Word % Correct
Stand for a photoPOSE
81.5%
ClueHINT
81.4%
ZeroNONE
80.3%
Mound of earthHILL
80.2%
Legendary beast, King ___KONG
80.1%
Princess Fairytale ___🌠 HALL 🌠
77%
SwankyPOSH
76.9%
Excalibur's handleHILT
76.7%
Test a computer connectionPING
73.7%
Early Atari videogamePONG
71.8%
Type of cornbreadPONE
66.9%

Today's Daily Dose

Remove Ads.
Support Sporcle.
Get the best of Sporcle when you Go Orange. This ad-free experience offers more features, more stats, and more fun while also helping to support Sporcle. Thank you for becoming a member.

You're not logged in!

Compare scores with friends on all Sporcle quizzes.
OR
Log In

Show Comments

Extras

Top Quizzes Today


Score Distribution

Your Account Isn't Verified!

In order to create a playlist on Sporcle, you need to verify the email address you used during registration. Go to your Sporcle Settings to finish the process.

Report this User

Report this user for behavior that violates our Community Guidelines.

Details: